000 00643cam a22002057a 4500
020 _a9711040824
040 _cUIU
082 0 4 _a338 INT 1983 A068 Or.
245 0 0 _aConsequences of small-farm mechanization /
260 _aLos BaƱos, Laguna, Philippines :
_bInternational Rice Research Institute,
_c1983.
300 _a184 p. :
_bill., maps ;
_c23 cm.
650 0 _aFarms, Small
650 0 _aFarm mechanization
650 0 _aFarm mechanization
650 0 _aRice
650 7 _aMaquinas Agricolas, Mecanica E Motores.
710 2 _aInternational Rice Research Institute.
710 2 _aAgricultural Development Council.
942 _cEK
999 _c14605
_d14605